| 000 | 00993nam a2200253Ia 4500 | ||
|---|---|---|---|
| 003 | OSt | ||
| 005 | 20220923222247.0 | ||
| 006 | a|||||r|||| 00| 0 | ||
| 007 | ta | ||
| 008 | 220922b |||||||| |||| 00| 0 guj d | ||
| 024 | _a204,080 | ||
| 037 | _cTextual | ||
| 040 |
_aARTS _cARTS _bguj |
||
| 041 |
_2guj _aguj |
||
| 082 | _aO156,3M87SW, 152J0;M5 | ||
| 100 |
_aमुुंशी, कन्हैयालाल माणिकलाल; शर्मा, जे पी, अनु. _9166473 |
||
| 245 | 0 | _aस्वपनदृष्टा | |
| 246 | _aSvapanadṛuṣhṭā | ||
| 260 |
_aदिल्ली _b राष्ट्रभाषा संस्थान _c1985 |
||
| 300 |
_a296पृ0 _ccm. |
||
| 650 |
_aकश्मीरी कहानी _9156350 |
||
| 942 |
_hO156,3M87SW, 152J0;M5 _cTEXL _2CC |
||
| 999 |
_c354829 _d354829 |
||